00581nam a2200169 i 450000100060000000300090000600500170001500700030003200800410003511000610007624500990013726000630023630000320029960000330033185200210036485200260038544984ES-MaACL20251003150851.0t|030324s1865 sp ||||1| spa d2 aAsociación para la Reforma de los Aranceles de Aduanas10aRicardo Cobden / cpor la Asociación Española para la Reforma de los Aranceles de Aduanas. aMadrid : b[s.n.], c1865 (fImp. de la Gaceta Economista) a186 p., 1 lám. ; c22 cm.14aCobden, Richard, d1804-1865 aES-MaACLjG-7900 aES-MaACLjT-1283-F-2